ՀՀ Գիտությունների ազգային ակադեմիայի հիմնարար գիտական գրադարան  =   Fundamental Scientific Library of NAS RA

Сказание о иконе божией матери Одигитрии : (Record no. 430993)

MARC details
000 -LEADER
fixed length control field 00986nam a2200205 a 4500
003 - CONTROL NUMBER IDENTIFIER
control field AM-YeHGA
040 ## - CATALOGING SOURCE
Original cataloging agency AM-YeHGA
090 ## - LOCALLY ASSIGNED LC-TYPE CALL NUMBER (OCLC); LOCAL CALL NUMBER (RLIN)
-- 433557
005 - DATE AND TIME OF LATEST TRANSACTION
control field 20250617155343.0
008 - FIXED-LENGTH DATA ELEMENTS--GENERAL INFORMATION
fixed length control field 180905s1878 ru ah||gr|||||||||0|rus d
041 0# - LANGUAGE CODE
Language code of text/sound track or separate title rus
-- chu
245 00 - TITLE STATEMENT
Title Сказание о иконе божией матери Одигитрии :
Remainder of title Facsimile из рукописи, принадлежащей кн. П.П. Вяземскому № 63 /
260 ## - PUBLICATION, DISTRIBUTION, ETC.
Place of publication, distribution, etc. [Санкт-Петербург] :
Name of publisher, distributor, etc. [ОЛДП],
Date of publication, distribution, etc. 1878.
300 ## - PHYSICAL DESCRIPTION
Extent [2] с., [4] с. факс. с ил., 1 л. цв. ил. :
Dimensions 29 см.
490 10 - SERIES STATEMENT
Series statement [Издания] ОЛДП [Общества любителей древней письменности]
Volume/sequential designation 19
500 ## - GENERAL NOTE
General note Текст рукописи на старо-славян. яз.
650 14 - SUBJECT ADDED ENTRY--TOPICAL TERM
Topical term or geographic name entry element Церковная история
830 #0 - SERIES ADDED ENTRY--UNIFORM TITLE
Uniform title [Издания] ОЛДП [Общества любителей древней письменности]
Version 19
942 ## - ADDED ENTRY ELEMENTS (KOHA)
Source of classification or shelving scheme Universal Decimal Classification
Koha item type Գրքեր / Books
Holdings
Withdrawn status Lost status Source of classification or shelving scheme Damaged status Not for loan Collection Home library Current library Date acquired Total checkouts Full call number Barcode Date last seen Price effective from Koha item type Public note
    Universal Decimal Classification     General Fundamental Scientific Library Fundamental Scientific Library 07/05/2019   РД III/14929 FL0578504 07/05/2019 07/05/2019 Գրքեր / Books 30 Days Loan


ՀՀ ԳԱԱ հիմնարար գիտական գրադարան
ՀՀ,Երևան 0019
Մարշալ Բաղրամյան 24/6
հեռախոս:(374-10) 52-47-50
Հետադարձ կապ

All site content, except where otherwise noted, is licensed under a
Creative Commons License